| 000 | 00000nam 2200000zi 4500 |
| 001 | 9.876978 |
| 003 | CaOODSP |
| 005 | 20250319111409 |
| 006 | m o d f |
| 007 | cr |n |||||||| |
| 008 | 190725t20192019onco o||||f000 0|iku d |
| 020 | |a9780660307718 |
| 040 | |aCaOODSP|bfre|erda|cCaOODSP |
| 043 | |an-cn--- |
| 086 | 1 |aH164-257/1-2019Iku5-PDF|zH164-257/1-2019S1-PDF |
| 245 | 00|a[Guide alimentaire canadien] : |b[bien manger. Bien vivre]. |
| 250 | |a[Édition inuktitut (Nunatsiavut)]. |
| 264 | 1|a[Ottawa] : |bSanté Canada = Health Canada, |c2019. |
| 264 | 4|c©2019 |
| 300 | |a1 ressource en ligne (2 pages non numérotées) : |billustrations en couleur |
| 336 | |atexte|btxt|2rdacontent/fre |
| 337 | |ainformatique|bc|2rdamedia/fre |
| 338 | |aressource en ligne|bcr|2rdacarrier/fre |
| 500 | |aTitre français fourni par l’éditeur. |
| 500 | |aÉgalement publié en format HTML. |
| 500 | |aPublié aussi en français sous le titre : Guide alimentaire canadien : bien manger. Bien vivre. |
| 546 | |aTexte en inuktitut (Nunatsiavut). |
| 692 | 07|2gccst|aAlimentation |
| 710 | 1 |aCanada. |bSanté Canada. |
| 775 | 08|tGuide alimentaire canadien : |w(CaOODSP)9.865414 |
| 791 | |t[Canada's food guide] : |eeng|w(CaOODSP)9.872488 |
| 856 | 40|qPDF|s474 Ko|uhttps://publications.gc.ca/collections/collection_2019/sc-hc/H164-257-1-2019-iku.pdf |
| 856 | 4 |qHTML|sS.O.|uhttps://www.canada.ca/fr/sante-canada/services/guide-alimentaire-canadien/ressources/en-bref/langues/inuktitut-nunatsiavut.html |
| 986 | |a190034 |